00596nam a22001697a 450000500170000002000270001703700190004408200080006324501150007126000420018627000560022830000200028470000390030470000420034394200220038599900190040720231229113854.0 a9789392594441c1100.00 aSunnvik Books  a020 aLibrary Management During Pandemic :bIssue and Challenges cEdit By Md. Alamgir khan and Shamim Aktar Munshi  aNew Delhi bEss Ess Publicationc2022 a4831/24, Ansari Road, DaryaganjbNew Delhi e110002 a269p.c22cm(Hb) aKhan, Md. Alamgir eEditor 960399 aMunshi, Shamim Aktar eEditor 960400 2ddccENh020mLIB c199889d199889